| 000 | 00000nas 2200000za 4500 |
| 001 | 9.500670 |
| 003 | CaOODSP |
| 005 | 20221107132909 |
| 007 | cr ||||||||||| |
| 008 | 150406d20012010oncar p o f0 b0fre|d |
| 022 | |a1916-6362 |
| 040 | |aCaOODSP|bfre |
| 041 | |aeng|afre |
| 043 | |an-cn--- |
| 086 | 1 |aFs47-1-PDF |
| 245 | 00|aAZMP bulletin |h[ressource électronique] / |cAtlantic Zone Monitoring Program = Bulletin PMZA / Programme de monitorage de la zone Atlantique. |
| 246 | 11|aBulletin PMZA |
| 246 | 3 |aBulletin du Programme de monitorage de la zone Atlantique |
| 260 | |aOttawa : |bDepartment of Fisheries and Oceans = Pêches et Océans Canada, |c[2001-2010]. |
| 310 | |aAnnuel |
| 362 | 1 |aParaît depuis n° 1, novembre 2001; ne paraît plus après n° 9, 2010] |
| 500 | |aTitre de départ. |
| 546 | |aTexte en anglais et en français. |
| 691 | 07|aSystème d'aide à la navigation|2gcpds |
| 710 | 1 |aCanada. |bMinistère des pêches et des océans. |
| 791 | |tAZMP bulletin |eeng|w(CaOODSP)9.500669 |